MDQL
is popping MORE tags! Check the
thread
!
Quizzes
Events
Quiz Creation
Community
Videos
Private Events
Remove Ads
Sign In
Join for FREE
Feedback
Dark Mode
Quiz Categories
Sports
Geography
Music
Movies
Television
Just For Fun
Miscellaneous
History
Literature
Language
Science
Gaming
Entertainment
Religion
Holiday
For Kids
Quiz Lab
Recent
Popular Today
Quiz Kudos Today
Editor Picks
Curator Picks
Quizzes by...
Day
Popularity
Type
Ratings
Length
Year
Community
Subscriptions
Recent Discussions
Orange Saloon
Badges
Playlists
Quests
Create
Leaderboards
Showdown
Live 5
Trivia Bingo
Activity
Puzzle Library
Sporcle Events
Private Events
Virtual Trivia
Globe League
Become a Host
Pub Owners
SporcleCon
Opinionation
Our Games
Videos
Blog
Mobile Apps
Partnerships
Remove Ads and Go Orange
Feedback
Entertainment
Celebrity
Famous
Musical
Broadway
Show
Quote
Comic Books
Anime
Superhero
DC Comics
Marvel
Cartoons
Animation
Entertainment
Celebrity
Famous
Musical
Broadway
Show
Quote
Comic Books
Anime
Superhero
DC Comics
Marvel
Cartoons
Animation
Random Quiz
Search Sporcle
×
Editor Pick
Editor Pick
Entertainment
Disney
Type in answers that appear in a list
Type in answers that appear in a list
Classic
Best Score? Go Orange.
Disney Grab Bag Stats
Can you name the answers from these assorted Disney categories?
By
Sarahbelle
12m
118 Questions
12.3K Plays
12,343 Plays
12,343 Plays
Comments
Comments
Give Quiz Kudos
Give Quiz Kudos
-
- Ratings
hide this ad
Replay
Link that replays current quiz
Next Quiz
Link to next quiz in quiz playlist
You Got
0%
They Got
Avg Score
39%
Avg Friend Score
Upgrade to see
Score Distribution
Jump to the score distribution portion of the page
Score
0/118
Timer
12:00
0
Plays Today
% Correct
Ariel
81.7%
Toy Story 3
79.8%
Cinderella
79.1%
Aurora
78.1%
Toy Story
77%
Louie
76.4%
Up!
75.3%
Belle
75.3%
Huey
75.2%
Dewey
73.9%
Toy Story 2
70.1%
WALL-E
69.4%
Cars
67.8%
The Nutcracker Suite
66.9%
The Incredibles
66.7%
Jasmine
65.8%
Monsters, Inc.
65.6%
United Kingdom
63.8%
Ratatouille
62.7%
Grumpy
62.5%
The American Adventure
61.7%
A Bug's Life
61.4%
Germany
60.6%
Finding Nemo
59.4%
China
59.1%
France
58.5%
Norway
56.1%
Canada
56%
Donald Duck
55.2%
Sleepy
54.6%
Japan
54.1%
Me
53.7%
Beauty and the Beast
53.1%
Space Mountain
52.2%
Bashful
51.7%
The Sorcerer's Apprentice
51.3%
Mexico
51%
Beauty and the Beast
50.8%
Happy
49.8%
The Lion King
49.7%
% Correct
Doc
48.8%
Sneezy
48.7%
The Rite of Spring
48.1%
Italy
47.4%
The Pastoral Symphony
47.2%
Toccata and Fugue in D Minor
45.8%
The Little Mermaid
45.7%
Mulan
45.6%
Splash Mountain
45.4%
Dopey
45.4%
Snow White
45.1%
Big Thunder Mountain Railroad
44.6%
Morocco
44.3%
We're All In This Together
41.7%
Night on Bald Mountain/Ave Maria
41.6%
Tiana
41.1%
Mary Poppins
39.4%
When There Was Me And You
38.7%
Tarzan
38.6%
The Aristocats
38.3%
Pocahontas
36.6%
Breaking Free
30.7%
Violet Parr
30.6%
Grand Floridian Resort & Spa
29.7%
What I've Been Looking For (Reprise)
28.8%
The Hunchback of Notre Dame
28.5%
Sent
28.3%
Pierre
28.2%
Donald Duck
27.6%
Walt
27.5%
Bop To The Top
27%
Jack-Jack
26.6%
Dash Parr
26.6%
Hamm
26.4%
Ratatouille
26.4%
Get'cha Head in the Game
25.5%
The Underminer
25.5%
Aida
24%
Stick To The Status Quo
23.2%
Flora
22.9%
% Correct
Mickey Mouse
22.7%
Fauna
22.6%
What I've Been Looking For
22.5%
Goofy
22%
Start Of Something New
21.5%
Disney Dream
21.5%
Merryweather
21.4%
José
21.3%
Construction Foreman Tom
20.1%
Fritz
20.1%
José Carioca
19%
Michael
18.5%
Contemporary Resort
18.2%
Frank Thomas
17.3%
Disney Magic
16.5%
Animal Kingdom Lodge
15.2%
The Abominable Snowman
14.9%
Panchito Pistoles
14.8%
Wolfgang Reitherman
14.7%
John
13.8%
P.T. Flea
13.7%
Moonfish School
12.7%
Mack
12.6%
Polynesian Resort
11%
Beach Club Resort
10.7%
Yacht Club Resort
9.9%
Mustafa
9.6%
Disney Wonder
8%
Boardwalk Inn
8%
Wilderness Lodge
7.9%
Dance of the Hours
4.6%
Ollie Johnston
4.4%
Les Clark
4.4%
Marc Davis
4.4%
Ward Kimball
4.1%
John Lounsbery
3.8%
Milt Kahl
3.8%
Eric Larson
3.7%
Quiz Playlist
Details
Report
Send in Message
Add To Playlist
Classic:
Type in answers that appear in a list
Last Updated: Feb 16, 2017
Editor Pick in
Entertainment
Curator Pick in
Disney
Quiz Scoreboard
CHALLENGE
Sign Up to Join the Scoreboard
Show All
Scores
Hide
Comments
May contain spoilers
Recently Published
Two Season TV Shows II
by 123Four
Television
10m
Image Sorting: Flags VI
by Barbecue
Geography
2m
Find the 'City' Movie
by crazypaving
Movies
60s
More to Explore
Quiz From the Vault
Featured Blog Post
14 Easter Pick-up Lines to Find Eggs With
hide this ad
You Might Also Like...
Tags
Disney Quiz
Grab Bag Quiz
Assorted
bag
Category
Today's Top Quizzes in Entertainment
Browse Entertainment
hide this ad
Today's Top Quizzes in Disney
Browse Disney
Top Contributed Quizzes in Entertainment
1
Marvel Classic Character Map
2
Movie-Themed Roller Coasters
3
Dragon Ball Z: Goku's Fights in Order
4
Marvel Characters Bunker
5
Sorting Pictures: Villains
6
Who stole Onew's chicken? (KPOP LOGIC QUIZ)
7
Haikyuu Logic Quiz
8
Celebrity Spelling Bee
9
JoJo's Bizarre Logic Quiz
10
Harry Styles-Are you no.1 fan
Explore More
Trending Topics
Disney
Crossword
NBA
Anime
Harry Potter
Kpop
Marvel
Song
WWE
Puzzle
The Office
NFL
Country
Soccer
Pokémon
hide this ad
More By:
Sarahbelle
Quiz
Plays
Rating
Category
Featured
Created
Disney Companions
325,552
4.03
Movies
Dec 10, 2009
Movie Title Match Up
240,416
3.97
Movies
Jun 17, 2010
Animals by Species
221,992
4.46
Science
Nov 1, 2009
Harry Potter: Patronuses
207,510
4.20
Literature
Oct 1, 2009
Pooh and Friends
179,130
4.52
Literature
Dec 11, 2009
Go to Creator's Profile
Score Distribution
Quiz Creator Spotlight
Sarahbelle
Follow
Send a Message
Quizzes Created
-
Created Quiz Play Count
-
More By This Creator
Popular Quizzes Today
1
Find the US States - No Outlines Minefield
2
Colored Red Africa Blitz
3
Find the 'City' Movie
4
5x2 Blitz: Bands
5
The Countries of the World
6
Find the Countries of Europe - No Outlines Minefield
7
Find the US States
8
US States
More Entertainment Quizzes
Whose Hat Is It Anyway?
Published
Trending Quizzes
Colored Red Europe Blitz I
Colored Red Africa Blitz II
Colored Red Europe Blitz II
Colored Red Africa Blitz III
Even More Two Season TV Shows
Recently Updated
March Madness Men's Triple Doubles
pecheneg
How Do You Spell That?
pecheneg
Godzilla Movies
pecheneg
Grab Bag: 4-10 Letters
pecheneg
2024 March Madness Bracket
pecheneg
Famous TV Couples
Peacemaker
Champions League XIs: Real Madrid
pecheneg
Largest US Cities 1790-2010
pecheneg
Rides in Walt Disney World
pecheneg
Most Oscar Losses (Acting)
pecheneg
Trending Topics
Disney
Marvel
Anime
Kpop
Crossword
NBA
Harry Potter
Country
Pokémon
The Office
WWE
Puzzle
Song
NFL
Soccer
Your Account Isn't Verified!
In order to create a playlist on Sporcle, you need to verify the email address you used during registration. Go to your
Sporcle Settings
to finish the process.
Report this User
Report this user for behavior that violates our
Community Guidelines
.
Details:
Send Report
Go to the Sporcle.com Mobile Site →
Comments